Nghiên cứu kỹ thuật phân tích kích hoạt neutron dụng cụ (INAA) và kỹ thuật phân tích dựa trên đo gamma tự nhiên để phân tích và đánh giá đối tượng đất /

Spremljeno u:
Bibliografski detalji
Glavni autor: Phạm Nguyễn Hồng Ân.
Format: Članak
Jezik:Vietnamese
Oznake: Dodaj oznaku
Bez oznaka, Budi prvi tko označuje ovaj zapis!
Thư viện lưu trữ: Thư viện Trường Đại học Đà Lạt
LEADER 00860nam a2200229 4500
001 DLU120137263
005 ##20120716
040 # # |a DLU  |b vie 
041 # # |a vie 
044 # # |a vn 
100 # # |a Phạm Nguyễn Hồng Ân. 
245 # # |a Nghiên cứu kỹ thuật phân tích kích hoạt neutron dụng cụ (INAA) và kỹ thuật phân tích dựa trên đo gamma tự nhiên để phân tích và đánh giá đối tượng đất /  |c Phạm Nguyễn Hồng Ân. 
773 # # |t Kỷ yếu hội nghị khoa học sinh viên Trường Đại học Đà Lạt  |g 2002, tr. 12-23 
920 # # |a Phòng Tạp chí -- Trung tâm Thông tin - Thư viện Trường Đại học Đà Lạt 
994 # # |a DLU 
900 # # |a True 
911 # # |a Phan Thị Mỹ Thảo 
925 # # |a G 
926 # # |a A 
927 # # |a BB 
980 # # |a Thư viện Trường Đại học Đà Lạt